[Event "Olimpiade 2022 - Open"]
[Site "Chennai"]
[Date "03.08.2022"]
[Round "6.37"]
[Board "3"]
[White "Ribbegren, Karl Johan"]
[Black "Yordanov, Lachezar"]
[Result "0-1"]
[BlackTitle "FM"]
[WhiteElo "2198"]
[BlackElo "2316"]
[WhiteTeam "Monaco"]
[BlackTeam "Bulgaria"]
[WhiteFideId "5400040"]
[BlackFideId "2918927"]
[EventDate "2022.07.29"]

1. d4 Nf6 2. Nf3 e6 3. Bg5 h6 4. Bh4 d6 5. Nbd2 Nbd7 6. e3 g5 7. Bg3 Nh5 8. Be2
Qe7 9. c3 Bg7 10. Nc4 a6 11. Nfd2 Nxg3 12. hxg3 d5 13. Na5 b6 14. Nab3 c5 15. f4
c4 16. Nc1 b5 17. b3 O-O 18. e4 cxb3 19. Ncxb3 dxe4 20. Nxe4 Bb7 21. Nf2 Bxg2
22. Rh2 Bd5 23. Ng4 Rfc8 24. Nxh6+ Kf8 25. Bd3 Rxc3 26. Qd2 Qb4 27. fxg5 Bxb3
28. axb3 Qxd4 29. Rd1 Qg1+ 30. Bf1 Re3+ 0-1

[Event "Olimpiade 2022 - Open"]
[Site "Chennai"]
[Date "03.08.2022"]
[Round "6.37"]
[Board "4"]
[White "Tashev, Aleksandar"]
[Black "Verdier, Patrice"]
[Result "1-0"]
[BlackTitle "FM"]
[WhiteElo "2262"]
[BlackElo "2017"]
[WhiteTeam "Bulgaria"]
[BlackTeam "Monaco"]
[WhiteFideId "2924293"]
[BlackFideId "606340"]
[EventDate "2022.07.29"]

1. d4 Nf6 2. Nf3 c5 3. e3 e6 4. Bd3 b6 5. O-O Bb7 6. c4 Be7 7. Nc3 O-O 8. d5
exd5 9. cxd5 d6 10. e4 a6 11. a4 Re8 12. h3 Nbd7 13. Bf4 Bf8 14. Re1 Ne5 15. Bf1
h6 16. Nd2 Rb8 17. Bh2 g5 18. f4 gxf4 19. Bxf4 Bc8 20. Nf3 Nh7 21. Nxe5 dxe5 22.
Be3 Qf6 23. Bc4 Bd6 24. Qh5 Qg6 25. Qxh6 Kh8 26. Qxg6 fxg6 27. Rf1 Kg7 28. Rf3
Rf8 29. Raf1 Rxf3 30. Rxf3 Bb7 31. h4 Rf8 32. Kf2 Nf6 33. Bg5 Nd7 34. Ne2 Rxf3+
35. gxf3 Nf6 36. Ke3 Bc7 37. f4 Bd6 38. b3 Bc7 39. fxe5 Bxe5 40. Nf4 Bd4+ 41.
Kf3 Be5 42. Ne6+ Kh7 43. Nd8 Bc8 44. Nc6 Bg4+ 45. Ke3 Bb2 46. Bxa6 Bd1 47. Bc4
Nd7 48. Kf4 Bc1+ 49. Kg3 Bb2 50. d6 Be5+ 51. Bf4 Bxf4+ 52. Kxf4 Nf8 53. Nb8 1-0

[Event "Olimpiade 2022 - Open"]
[Site "Chennai"]
[Date "03.08.2022"]
[Round "6.38"]
[Board "1"]
[White "Wanyama, Harold"]
[Black "Kantans, Toms"]
[Result "0-1"]
[WhiteTitle "FM"]
[BlackTitle "GM"]
[WhiteElo "2242"]
[BlackElo "2486"]
[WhiteTeam "Uganda"]
[BlackTeam "Latvia"]
[WhiteFideId "10000380"]
[BlackFideId "11602945"]
[EventDate "2022.07.29"]

1. d4 Nf6 2. c4 c5 3. d5 e6 4. Nc3 exd5 5. cxd5 d6 6. Nf3 g6 7. g3 Bg7 8. Bg2
O-O 9. O-O Re8 10. Nd2 a6 11. a4 Nbd7 12. Nc4 Ne5 13. Nxe5 Rxe5 14. e4 Re8 15.
h3 Rb8 16. Qd3 Nd7 17. f4 b5 18. axb5 axb5 19. Kh2 c4 20. Qc2 Nc5 21. Be3 Qc7
22. g4 f5 23. gxf5 gxf5 24. e5 dxe5 25. d6 Qxd6 26. Rfd1 Qe7 27. Nxb5 exf4 28.
Bf2 f3 29. Bxf3 Ne4 30. Nc3 Rxb2 31. Qxb2 Bxc3 32. Rg1+ Kf8 33. Qb6 Nxf2 34. Ra7
Be5+ 35. Kg2 Qg5+ 36. Kf1 Qc1+ 37. Kg2 Qd2 38. Re1 Nd3+ 39. Re2 Nf4+ 40. Kf1
Qd1+ 0-1

[Event "Olimpiade 2022 - Open"]
[Site "Chennai"]
[Date "03.08.2022"]
[Round "6.38"]
[Board "2"]
[White "Reimanis, Ritvars"]
[Black "Okas, Walter"]
[Result "1-0"]
[WhiteTitle "IM"]
[WhiteElo "2377"]
[BlackElo "2191"]
[WhiteTeam "Latvia"]
[BlackTeam "Uganda"]
[WhiteFideId "11602988"]
[BlackFideId "10001204"]
[EventDate "2022.07.29"]

1. d4 Nf6 2. Nf3 e6 3. c4 b6 4. g3 Bb7 5. Bg2 Bb4+ 6. Bd2 Be7 7. Nc3 d5 8. cxd5
exd5 9. O-O O-O 10. Rc1 Nbd7 11. Bf4 a6 12. Ne5 c5 13. e3 Ne4 14. Nxd7 Nxc3 15.
Rxc3 Qxd7 16. dxc5 bxc5 17. Rd3 c4 18. Rd2 Bb4 19. Rd4 Rac8 20. Bxd5 Bxd5 21.
Rxd5 Qc6 22. Be5 Qe6 23. Bc3 Bxc3 24. bxc3 Qb6 25. Qd4 Qb2 26. a4 h6 27. Rd6 Qa3
28. Rxa6 Rfd8 29. Qe5 Rd3 30. Qf5 Rf8 31. Rb1 Rxc3 32. Rb7 Rc1+ 33. Kg2 Qd3 34.
Qxd3 cxd3 35. Rd7 Rc3 36. Raa7 g5 37. g4 Kg7 38. h3 Ra3 39. e4 Kf6 40. Ra5 Ke6
41. Rdd5 Rc8 42. Ra6+ Ke7 43. Ra7+ Ke6 44. Rad7 Rxa4 45. R5d6+ Ke5 46. Rxd3 Rc6
47. Re7+ Kf6 48. Rdd7 Kg6 49. Rxf7 Rxe4 50. Rg7+ Kf6 51. Rdf7+ Ke5 52. Re7+ Kd5
53. Rxe4 Kxe4 54. Rf7 Re6 55. Rf5 Rd6 56. f3+ Ke3 57. Kg3 Rd1 58. Re5+ 1-0

[Event "Olimpiade 2022 - Open"]
[Site "Chennai"]
[Date "03.08.2022"]
[Round "6.38"]
[Board "3"]
[White "Nsubuga, Haruna"]
[Black "Golubovskis, Maksims"]
[Result "0-1"]
[WhiteTitle "FM"]
[BlackTitle "FM"]
[WhiteElo "2160"]
[BlackElo "2219"]
[WhiteTeam "Uganda"]
[BlackTeam "Latvia"]
[WhiteFideId "10000569"]
[BlackFideId "11608528"]
[EventDate "2022.07.29"]

1. d4 Nf6 2. Nf3 e6 3. g3 b5 4. Bg2 Bb7 5. O-O Be7 6. a4 b4 7. c4 c5 8. dxc5
Bxc5 9. Bf4 d5 10. cxd5 Nxd5 11. Ng5 Be7 12. h4 h6 13. Nh3 Nd7 14. a5 g5 15. a6
Bc6 16. hxg5 hxg5 17. Bc1 Rc8 18. e4 N5b6 19. Be3 Rg8 20. b3 Bb5 21. Re1 Nc5 22.
Qxd8+ Kxd8 23. Ra5 Bd7 24. Nd2 e5 25. f3 g4 26. Nf2 gxf3 27. Nxf3 f6 28. Rd1 Ke8
29. Kh2 Rh8+ 30. Nh4 Nxb3 31. Bxb6 axb6 32. Ra2 Na5 33. Rxd7 Kxd7 34. Bh3+ Kc6
35. Rc2+ Bc5 36. Bxc8 Rxc8 37. Nd3 Kb5 38. Nf5 Rh8+ 39. Kg2 b3 40. Rc1 Kxa6 41.
Kf3 Rd8 42. Ke2 Kb5 43. Kd2 Bb4+ 44. Ke2 Rh8 45. Ne3 Rh2+ 46. Kf3 Bd2 47. Nf1
Bxc1 48. Nxh2 Kc4 49. Ke2 Kc3 50. Ng4 Bg5 51. Ngf2 Nc4 52. Nd1+ Kd4 53. Ne1 Kxe4
54. Nf3 b2 55. Nc3+ Kf5 56. Nb1 b5 57. Ne1 Nd2 58. Nd3 Nxb1 59. Nxb2 Kg4 60. Kf2
Nc3 61. Nd3 e4 0-1

[Event "Olimpiade 2022 - Open"]
[Site "Chennai"]
[Date "03.08.2022"]
[Round "6.38"]
[Board "4"]
[White "Ungurs, Edgars"]
[Black "Egesa emmanuel"]
[Result "1-0"]
[WhiteElo "2206"]
[BlackElo "2152"]
[WhiteTeam "Latvia"]
[BlackTeam "Uganda"]
[WhiteFideId "11601205"]
[BlackFideId "10009019"]
[EventDate "2022.07.29"]

1. e4 c6 2. d4 d5 3. exd5 cxd5 4. Bd3 Nc6 5. c3 Nf6 6. h3 g6 7. Bf4 Bg7 8. Nd2
O-O 9. Ngf3 Nd7 10. O-O e5 11. dxe5 Ndxe5 12. Nxe5 Nxe5 13. Bc2 Nc6 14. Qf3 d4
15. Ne4 dxc3 16. bxc3 Bf5 17. Rad1 Qa5 18. Bb3 Ne5 19. Qe3 Rac8 20. Rd5 Qb6 21.
Qxb6 axb6 22. Nd6 Rc5 23. Nxf5 gxf5 24. Rfd1 Ng6 25. Be3 Rxc3 26. Rxf5 Rc6 27.
Rb5 Ne5 28. Rxb6 Rxb6 29. Bxb6 Bf6 30. f4 Ng6 31. g3 Re8 32. Kf2 Re7 33. Bd8 1-0

[Event "Olimpiade 2022 - Open"]
[Site "Chennai"]
[Date "03.08.2022"]
[Round "6.39"]
[Board "1"]
[White "Matamoros Franco, Carlos S."]
[Black "Gong, Daniel Hanwen"]
[Result "1-0"]
[WhiteTitle "GM"]
[BlackTitle "FM"]
[WhiteElo "2459"]
[BlackElo "2296"]
[WhiteTeam "Ecuador"]
[BlackTeam "New Zealand"]
[WhiteFideId "3600017"]
[BlackFideId "4303962"]
[EventDate "2022.07.29"]

1. Nf3 f5 2. c4 Nf6 3. g3 e6 4. Bg2 Be7 5. b3 d5 6. Bb2 Nc6 7. e3 dxc4 8. bxc4
Qd3 9. Bf1 Qd8 10. d4 e5 11. dxe5 Qxd1+ 12. Kxd1 Ne4 13. Ke2 Be6 14. Nbd2 O-O-O
15. Rc1 Nxd2 16. Nxd2 Nb4 17. Ra1 Rd7 18. Bh3 Rhd8 19. Bc3 Nc2 20. Rac1 Na3 21.
e4 g6 22. exf5 gxf5 23. Ke1 Kb8 24. Bf1 Bc5 25. Be2 Bd4 26. Bxd4 Rxd4 27. Nf3
R4d7 28. Kf1 f4 29. Kg2 Bf5 30. Rc3 Nb1 31. Rb3 Nd2 32. Nxd2 Rxd2 33. Bf3 b6 34.
Re1 fxg3 35. hxg3 Be6 36. Ra3 Rc2 37. Bd5 Bxd5+ 38. cxd5 Rxd5 39. e6 Rd8 40. Rf3
Re8 41. a3 c5 42. Rf7 Rd2 43. Rh1 Rxe6 44. Rhxh7 Rc6 45. Rb7+ Kc8 46. Rxa7 Kb8
47. Rhb7+ Kc8 48. Rf7 Kb8 49. Rae7 c4 50. Rf8+ Rc8 51. Rxc8+ Kxc8 52. Re4 b5 53.
a4 Rd5 54. axb5 Rc5 55. Re2 Rxb5 56. Rc2 Rc5 57. Kf3 Kc7 58. Ke4 Kc6 59. Kd4 Kb5
60. f4 Rc8 61. Rb2+ Ka4 62. Kc3 Rg8 63. Kxc4 1-0

[Event "Olimpiade 2022 - Open"]
[Site "Chennai"]
[Date "03.08.2022"]
[Round "6.39"]
[Board "2"]
[White "Croad, Nicolas"]
[Black "Mieles Palau, Daniel"]
[Result "0-1"]
[WhiteTitle "FM"]
[BlackTitle "IM"]
[WhiteElo "2289"]
[BlackElo "2364"]
[WhiteTeam "New Zealand"]
[BlackTeam "Ecuador"]
[WhiteFideId "4300793"]
[BlackFideId "3600467"]
[EventDate "2022.07.29"]

1. e4 c5 2. Nf3 d6 3. Bb5+ Nd7 4. Ba4 a6 5. c4 e5 6. Nc3 g6 7. d3 h6 8. O-O Ne7
9. Ne1 g5 10. g3 Nc6 11. f4 gxf4 12. gxf4 Rg8+ 13. Kh1 exf4 14. Nd5 Nd4 15. Bxf4
b5 16. cxb5 axb5 17. Bb3 Ne6 18. Qf3 Nd4 19. Qf2 Rg7 20. Bd1 Bb7 21. Bxh6 Rh7
22. Bh5 Bxd5 23. exd5 Ne5 24. Bxf8 Kxf8 25. Bf3 Qg5 26. Be4 Ng4 27. Qg3 Rxh2+
28. Qxh2 Nxh2 29. Kxh2 Ke7 30. Ng2 Ne2 0-1

[Event "Olimpiade 2022 - Open"]
[Site "Chennai"]
[Date "03.08.2022"]
[Round "6.39"]
[Board "3"]
[White "Bastidas Rodriguez, Emilio"]
[Black "Xie, Felix"]
[Result "1-0"]
[WhiteTitle "IM"]
[BlackTitle "CM"]
[WhiteElo "2351"]
[BlackElo "2224"]
[WhiteTeam "Ecuador"]
[BlackTeam "New Zealand"]
[WhiteFideId "3600459"]
[BlackFideId "4308174"]
[EventDate "2022.07.29"]

1. c4 e6 2. d4 d5 3. Nc3 Be7 4. Nf3 Nf6 5. a3 b6 6. cxd5 exd5 7. g3 O-O 8. Bg2
h6 9. Qc2 Bb7 10. b4 Nbd7 11. Rb1 Ne4 12. O-O Nxc3 13. Qxc3 Bd6 14. Nh4 Re8 15.
Nf5 Bf8 16. Bf4 c6 17. Rfe1 Nf6 18. f3 Kh7 19. Qd2 Bc8 20. Ne3 g6 21. Rbc1 Bb7
22. Nd1 Bg7 23. Be5 Qd7 24. Nf2 Ba6 25. g4 Rad8 26. e3 Ng8 27. Bg3 Ne7 28. Nd3
f5 29. Bh3 Bxd3 30. Qxd3 Rf8 31. gxf5 gxf5 32. Rc3 Rf6 33. Kh1 Rg6 34. Rec1 Rf8
35. b5 c5 36. dxc5 Bxc3 37. c6 Qe6 38. Rxc3 Nc8 39. Rc1 Rgf6 40. Rd1 Ne7 41. Bh4
R8f7 42. e4 dxe4 43. fxe4 Qxe4+ 44. Qxe4 fxe4 45. c7 e3 46. Re1 Nf5 47. Bf1 Nd6
48. Rxe3 Nc8 49. Bxf6 1-0

[Event "Olimpiade 2022 - Open"]
[Site "Chennai"]
[Date "03.08.2022"]
[Round "6.40"]
[Board "1"]
[White "Greet, Andrew N"]
[Black "Kiriella, K G T S D"]
[Result "1-0"]
[WhiteTitle "IM"]
[WhiteElo "2392"]
[BlackElo "1781"]
[WhiteTeam "Scotland"]
[BlackTeam "Sri Lanka"]
[WhiteFideId "405817"]
[BlackFideId "9953957"]
[EventDate "2022.07.29"]

1. d4 Nf6 2. c4 e6 3. Nf3 Bb4+ 4. Bd2 Qe7 5. g3 Nc6 6. Nc3 Bxc3 7. Bxc3 Ne4 8.
Rc1 Nxc3 9. Rxc3 d6 10. d5 Nd8 11. dxe6 fxe6 12. Bg2 O-O 13. O-O Bd7 14. Nd4 e5
15. Nc2 Bc6 16. Ne3 Bxg2 17. Kxg2 Ne6 18. f3 c6 19. Ng4 Rad8 20. Qc1 Nd4 21. Re3
h5 22. Nf2 Nf5 23. Rc3 d5 24. cxd5 cxd5 25. Rc7 Rd7 26. Rxd7 Qxd7 27. Rd1 Qb5
28. Rd3 d4 29. Ne4 Ne3+ 30. Rxe3 dxe3 31. Qxe3 Qxb2 32. Ng5 Rf5 33. h4 Qxa2 34.
Qd3 Rxg5 35. hxg5 Qf7 36. g6 Qc7 37. Qf5 Qe7 38. Qc8+ Qf8 39. Qe6+ Kh8 40. Qxe5 1-0

[Event "Olimpiade 2022 - Open"]
[Site "Chennai"]
[Date "03.08.2022"]
[Round "6.40"]
[Board "2"]
[White "Alahakoon, Isuru"]
[Black "Gourlay, Iain"]
[Result "0-1"]
[WhiteTitle "FM"]
[BlackTitle "FM"]
[WhiteElo "2000"]
[BlackElo "2321"]
[WhiteTeam "Sri Lanka"]
[BlackTeam "Scotland"]
[WhiteFideId "9900993"]
[BlackFideId "2401533"]
[EventDate "2022.07.29"]

1. Nf3 d5 2. e3 Nf6 3. c4 e6 4. b3 Nbd7 5. Bb2 Bd6 6. Nc3 a6 7. d4 b6 8. Bd3 Bb7
9. O-O O-O 10. Rc1 Qe7 11. cxd5 exd5 12. Ne2 Rfe8 13. Ng3 g6 14. Qc2 Rac8 15.
Qe2 h5 16. Rc2 Ng4 17. Bxa6 Bxa6 18. Qxa6 h4 19. Ne2 Qe4 20. Rfc1 h3 21. Ng3
Bxg3 22. hxg3 hxg2 23. Kxg2 Kg7 24. Qe2 Rh8 25. Rh1 Ndf6 26. Rh3 Rh7 27. Rxh7+ 0-1

[Event "Olimpiade 2022 - Open"]
[Site "Chennai"]
[Date "03.08.2022"]
[Round "6.40"]
[Board "3"]
[White "Tate, Alan"]
[Black "Liyanage, Ranindu Dilshan"]
[Result "1/2-1/2"]
[WhiteTitle "FM"]
[BlackTitle "FM"]
[WhiteElo "2313"]
[BlackElo "2286"]
[WhiteTeam "Scotland"]
[BlackTeam "Sri Lanka"]
[WhiteFideId "2401878"]
[BlackFideId "9915834"]
[EventDate "2022.07.29"]

1. d4 Nf6 2. c4 e6 3. Nf3 d5 4. g3 dxc4 5. Bg2 a6 6. Ne5 Bb4+ 7. Nc3 Nd5 8. Qc2
Nxc3 9. bxc3 Qxd4 10. Qa4+ Nd7 11. Qxb4 Qxe5 12. Qxc4 Nb6 13. Qb3 O-O 14. O-O
Qxe2 15. Bf4 Nd5 16. Rfe1 Qb5 17. Qxb5 axb5 18. Bxd5 exd5 19. Bxc7 Bf5 20. Bd6
Rfe8 21. f3 Re6 22. Rxe6 fxe6 23. g4 Bd3 24. a3 Rd8 25. Be5 Rf8 26. f4 Be4 27.
Ra2 h6 28. Rb2 Bd3 29. Kf2 g5 30. Ke3 Bc4 31. h4 gxf4+ 1/2-1/2

[Event "Olimpiade 2022 - Open"]
[Site "Chennai"]
[Date "03.08.2022"]
[Round "6.40"]
[Board "4"]
[White "De Silva, L M S T"]
[Black "Waldhausen Gordon, Frederick"]
[Result "1-0"]
[WhiteTitle "FM"]
[WhiteElo "2212"]
[BlackElo "2028"]
[WhiteTeam "Sri Lanka"]
[BlackTeam "Scotland"]
[WhiteFideId "9953698"]
[BlackFideId "2409143"]
[EventDate "2022.07.29"]

1. e4 c5 2. Nf3 g6 3. d4 cxd4 4. Nxd4 Nc6 5. c4 Nf6 6. Nc3 Nxd4 7. Qxd4 d6 8.
Be3 Bg7 9. Be2 O-O 10. Qd3 a6 11. O-O Bd7 12. a4 a5 13. Rad1 Bc6 14. b3 Nd7 15.
Qc2 Qc7 16. Nd5 Bxd5 17. exd5 Nc5 18. Rde1 Rae8 19. Bd1 b6 20. Bd2 Bd4 21. h4 f5
22. h5 Kg7 23. Bf4 Be5 24. Qd2 Bxf4 25. Qxf4 e5 26. dxe6 Nxe6 27. Qc1 Nd4 28.
Qf4 Qc5 29. Bf3 Re5 30. Rd1 Re4 31. Qd2 Nxf3+ 32. gxf3 Re6 33. h6+ Kf7 34. Rfe1
Rfe8 35. Rxe6 Rxe6 36. Qd5 Qxd5 37. Rxd5 Kf6 38. Rb5 d5 39. Rxd5 Kg5 40. Kg2
Kxh6 41. f4 Kg7 42. Rd7+ Kf6 43. Rxh7 Rd6 44. Rc7 g5 45. c5 bxc5 46. Rxc5 gxf4
47. Rxa5 Rd3 48. Rb5 Kg5 49. a5 Kg4 50. Rb4 Rd6 51. Ra4 Ra6 52. f3+ 1-0

[Event "Olimpiade 2022 - Open"]
[Site "Chennai"]
[Date "03.08.2022"]
[Round "6.41"]
[Board "1"]
[White "Chinchilla, Alejandro Jose"]
[Black "Pasko, Llambi"]
[Result "0-1"]
[BlackTitle "IM"]
[WhiteElo "2166"]
[BlackElo "2418"]
[WhiteTeam "Honduras"]
[BlackTeam "Albania"]
[WhiteFideId "8401136"]
[BlackFideId "4701178"]
[EventDate "2022.07.29"]

1. e4 e5 2. Nf3 Nc6 3. Bb5 Nf6 4. O-O Bc5 5. d3 d6 6. Bxc6+ bxc6 7. c3 O-O 8. h3
Re8 9. Re1 h6 10. Nbd2 a5 11. Nc4 a4 12. Be3 Bxe3 13. Nxe3 d5 14. exd5 cxd5 15.
d4 e4 16. Nd2 c6 17. c4 Qb6 18. Nc2 Qxb2 19. Rb1 Qc3 20. Re3 Qa5 21. Ra3 Bf5 22.
Ne3 Be6 23. c5 Nd7 24. Qc2 Reb8 25. Rxb8+ Nxb8 26. Nb1 Qb4 27. Qd1 Nd7 28. Rc3
Rb8 29. Rc1 Qb2 30. Nc3 Rb4 31. Rc2 Qa3 32. Qd2 Nxc5 33. Ncxd5 cxd5 34. Rxc5 Rb2
35. Rc2 Rxc2 36. Qxc2 Qb4 37. Qd1 a3 38. Qb3 0-1

[Event "Olimpiade 2022 - Open"]
[Site "Chennai"]
[Date "03.08.2022"]
[Round "6.41"]
[Board "2"]
[White "Ashiku, Franc"]
[Black "Garcia Cuestas, Kevin"]
[Result "1-0"]
[WhiteTitle "IM"]
[WhiteElo "2422"]
[BlackElo "1984"]
[WhiteTeam "Albania"]
[BlackTeam "Honduras"]
[WhiteFideId "4700066"]
[BlackFideId "8400776"]
[EventDate "2022.07.29"]

1. d4 Nf6 2. c4 e6 3. Nc3 c5 4. d5 exd5 5. cxd5 d6 6. e4 g6 7. h3 Bg7 8. Nf3 O-O
9. Bd3 Re8 10. O-O Na6 11. Re1 Nc7 12. a4 b6 13. Bf4 a6 14. Nd2 Nh5 15. Bh2 Be5
16. Bxe5 Rxe5 17. Bf1 Nf4 18. Re3 Rg5 19. Kh1 f5 20. Qf3 Nh5 21. Nc4 f4 22. Ree1
Rb8 23. e5 dxe5 24. Nxe5 Bb7 25. Rad1 Ne8 26. Nc6 Qc7 27. Re7 Qc8 28. Nxb8 Qxb8
29. Ne4 Bxd5 30. Nxg5 Bxf3 31. Bc4+ 1-0

[Event "Olimpiade 2022 - Open"]
[Site "Chennai"]
[Date "03.08.2022"]
[Round "6.41"]
[Board "4"]
[White "Veleshnja, Zino"]
[Black "Chahin Godoy, Angel Eduardo"]
[Result "1-0"]
[WhiteElo "2263"]
[BlackElo "1844"]
[WhiteTeam "Albania"]
[BlackTeam "Honduras"]
[WhiteFideId "4701313"]
[BlackFideId "8404925"]
[EventDate "2022.07.29"]

1. d4 Nf6 2. c4 e6 3. g3 d5 4. Nf3 Bb4+ 5. Bd2 a5 6. Bg2 O-O 7. O-O c6 8. Bg5
Be7 9. Nc3 Nbd7 10. Qc2 dxc4 11. e4 b5 12. Rad1 Bb7 13. Rfe1 Re8 14. h4 h6 15.
Bc1 a4 16. a3 Qb6 17. Be3 Ng4 18. Bf4 e5 19. dxe5 Nc5 20. Bh3 Bc8 21. e6 Bxe6
22. Nd4 Bc8 23. Nf5 Bxf5 24. exf5 Nf6 25. Be3 Rad8 26. Bd4 Qc7 27. Be5 Qc8 28.
Bf1 Ng4 29. Bd4 Nb3 30. Bb6 Rxd1 31. Qxd1 Qxf5 32. Rxe7 Rxe7 33. Qd8+ Kh7 34.
Qxe7 Nd2 35. Bg2 Ne5 36. Be3 Ndf3+ 37. Bxf3 Nxf3+ 38. Kg2 Ne1+ 39. Kf1 Nd3 40.
Qe4 Qxe4 41. Nxe4 Nxb2 42. Bd4 Nd3 43. Nc5 Nxc5 44. Bxc5 g5 45. h5 Kg8 46. Ke2
f5 47. Ke3 Kg7 48. Kd4 g4 49. Kc3 Kf6 50. Be3 Kg7 51. Kb4 Kh7 52. Kc5 Kg7 53.
Kxc6 1-0

[Event "Olimpiade 2022 - Open"]
[Site "Chennai"]
[Date "03.08.2022"]
[Round "6.42"]
[Board "1"]
[White "Kiik, Kalle"]
[Black "Kaloust, Giorgio"]
[Result "1-0"]
[WhiteTitle "IM"]
[WhiteElo "2365"]
[BlackElo "1942"]
[WhiteTeam "Estonia"]
[BlackTeam "Lebanon"]
[WhiteFideId "4500075"]
[BlackFideId "5303699"]
[EventDate "2022.07.29"]

1. e4 c6 2. d4 d5 3. f3 dxe4 4. fxe4 e5 5. Nf3 Bg4 6. Bc4 Nd7 7. c3 Bd6 8. h3
Bh5 9. O-O Ngf6 10. Bg5 Qc7 11. Nbd2 b5 12. Be2 O-O 13. Nh4 Bg6 14. Nxg6 hxg6
15. Bf3 Rfe8 16. Kh1 Be7 17. Be3 a6 18. b3 Rad8 19. Rc1 Bd6 20. Qe2 Nf8 21. Qf2
N8d7 22. g4 Rf8 23. Qg2 c5 24. d5 Be7 25. g5 Ne8 26. Bg4 Nd6 27. Rf2 f5 28. gxf6
Rxf6 29. Be6+ Kh7 30. Rg1 Nf8 31. Bg4 c4 32. b4 Nf7 33. Nf3 a5 34. a3 axb4 35.
axb4 Ra8 36. Qg3 Ra3 37. Bd2 Qa7 38. Rfg2 Ra1 39. Rxa1 Qxa1+ 40. Qe1 Qb2 41. Bg5
Qa3 42. Bxf6 Bxf6 43. Be6 Nh6 44. Ng5+ Kh8 45. Nf7+ Kh7 46. Nxh6 gxh6 47. Rf2
Kg7 48. Rxf6 1-0

[Event "Olimpiade 2022 - Open"]
[Site "Chennai"]
[Date "03.08.2022"]
[Round "6.42"]
[Board "2"]
[White "El Jawich, Amro"]
[Black "Chukavin, Kirill"]
[Result "1-0"]
[WhiteTitle "FM"]
[BlackTitle "FM"]
[WhiteElo "2314"]
[BlackElo "2418"]
[WhiteTeam "Lebanon"]
[BlackTeam "Estonia"]
[WhiteFideId "5300380"]
[BlackFideId "4503023"]
[EventDate "2022.07.29"]

1. e4 c5 2. Nf3 e6 3. b3 b6 4. d4 cxd4 5. Nxd4 Bb7 6. Nd2 Bc5 7. Bb2 Ne7 8. Qg4
Ng6 9. O-O-O h5 10. Qe2 Kf8 11. f4 Nxf4 12. Qf3 Qg5 13. g3 Ng6 14. h4 Qf6 15.
Qd3 Ne5 16. Qe2 Bxd4 17. Bxd4 Nbc6 18. Bb2 Qe7 19. Nf3 Qc5 20. Kb1 Rc8 21. Bh3
Ke8 22. Rhf1 d6 23. Ng5 Nd8 24. Bd4 Qc7 25. Bxe5 dxe5 26. Nxf7 Nxf7 27. Bxe6 Nd6
28. Bxc8 Nxc8 29. Qb5+ Bc6 30. Qc4 Rf8 31. Rxf8+ Kxf8 32. Rf1+ Ke8 33. Qg8+ Kd7
34. Rd1+ Nd6 35. Qxg7+ Kc8 36. Qf8+ Ne8 37. Rf1 Qg7 38. Qxg7 Nxg7 39. Rf8+ Ne8
40. Rh8 Kd7 41. Rxh5 Ke6 42. Rh6+ Kd7 43. Rh7+ Ke6 44. Rxa7 Nf6 45. Ra6 Nd7 46.
h5 Bxe4 47. h6 Kf6 48. Ra7 Bf5 49. a4 Kg6 50. b4 Kxh6 51. a5 bxa5 52. bxa5 e4
53. Kc1 e3 54. a6 Nc5 55. Rc7 Ne4 56. Kd1 Nxg3 57. a7 Be4 58. Re7 Bf3+ 59. Ke1
Nf5 60. Re8 Nd4 61. c3 Nc2+ 62. Kf1 Kg5 63. a8=Q e2+ 64. Rxe2 Bxa8 65. Rxc2 Kf5
66. Re2 Be4 67. Kf2 Ke5 68. Ke3 Bd5 69. Kd3+ Kd6 1-0

[Event "Olimpiade 2022 - Open"]
[Site "Chennai"]
[Date "03.08.2022"]
[Round "6.42"]
[Board "3"]
[White "Shishkov, Andrei"]
[Black "Kassis, Antoine LIB"]
[Result "1-0"]
[WhiteTitle "IM"]
[BlackTitle "FM"]
[WhiteElo "2366"]
[BlackElo "2202"]
[WhiteTeam "Estonia"]
[BlackTeam "Lebanon"]
[WhiteFideId "4500563"]
[BlackFideId "5300150"]
[EventDate "2022.07.29"]

1. d4 Nf6 2. c4 g6 3. Nc3 Bg7 4. e4 d6 5. f3 O-O 6. Be3 c5 7. Nge2 cxd4 8. Nxd4
Nc6 9. Be2 Nxd4 10. Bxd4 Be6 11. O-O Nd7 12. f4 Bxd4+ 13. Qxd4 Qb6 14. Qxb6 Nxb6
15. b3 f6 16. Bf3 Bd7 17. e5 Bc6 18. exd6 exd6 19. Rad1 Rad8 20. Rd3 Rd7 21.
Rfd1 Bxf3 22. Rxf3 Rfd8 23. Rfd3 Kf7 24. a4 a5 25. Nd5 Nc8 26. f5 gxf5 27. Rh3
Kg7 28. Rdd3 Rf7 29. Rde3 Rdd7 30. Re8 Ne7 31. Nf4 h6 32. Ne6+ Kh7 33. Nf8+ Rxf8
34. Rxf8 Kg7 35. Ra8 Nc6 36. Rg3+ Kf7 37. Rh8 Ke6 38. Rxh6 Ne5 39. Rg8 d5 40.
Rf8 Ng4 41. Rh3 dxc4 42. Re8+ Kd5 43. Re1 Kc5 44. Rc1 Ne5 45. bxc4 Kb4 46. Rb1+
Kxa4 47. Rhb3 Nxc4 48. Rxb7 Rd4 49. Ra1+ Na3 50. Rb2 Rb4 51. Rba2 Rb3 52. h4 Kb4
53. Rxa3 Rxa3 54. Rxa3 Kxa3 55. h5 Kb2 56. h6 a4 57. h7 1-0

[Event "Olimpiade 2022 - Open"]
[Site "Chennai"]
[Date "03.08.2022"]
[Round "6.42"]
[Board "4"]
[White "Khoder, Akram"]
[Black "Kanep, Meelis"]
[Result "0-1"]
[BlackTitle "GM"]
[WhiteElo "2038"]
[BlackElo "2417"]
[WhiteTeam "Lebanon"]
[BlackTeam "Estonia"]
[WhiteFideId "5306914"]
[BlackFideId "4501047"]
[EventDate "2022.07.29"]

1. d4 Nf6 2. c4 e6 3. g3 c5 4. d5 exd5 5. cxd5 d6 6. Nc3 g6 7. Bg2 Bg7 8. Nf3
O-O 9. O-O Re8 10. Bf4 Na6 11. Nd2 Nh5 12. Be3 Nc7 13. a4 b6 14. Qb3 Ba6 15. Nc4
Qd7 16. Na3 Bd4 17. Bxd4 cxd4 18. Ncb5 Bxb5 19. axb5 Rxe2 20. Rad1 Nf6 21. Rxd4
Rae8 22. h3 Ne4 23. Qd1 Nxf2 24. Qc1 Nxh3+ 25. Kh2 Nf2 26. Qf4 Ne4 27. Kg1 f5
28. Bf3 g5 29. Qc1 Qg7 30. Rc4 Nxg3 31. Rd1 Qh6 0-1

[Event "Olimpiade 2022 - Open"]
[Site "Chennai"]
[Date "03.08.2022"]
[Round "6.43"]
[Board "1"]
[White "Blackburn, Jonathan L B"]
[Black "Ziska, Helgi Dam"]
[Result "0-1"]
[WhiteTitle "FM"]
[BlackTitle "GM"]
[WhiteElo "2176"]
[BlackElo "2549"]
[WhiteTeam "Wales"]
[BlackTeam "Faroe Islands"]
[WhiteFideId "1801090"]
[BlackFideId "7200595"]
[EventDate "2022.07.29"]

1. d4 Nf6 2. c4 g6 3. Nc3 Bg7 4. e4 d6 5. f3 O-O 6. Be3 a6 7. Qd2 Nbd7 8. Nh3 c6
9. Nf2 b5 10. Rc1 Qa5 11. a3 Rb8 12. Be2 bxc4 13. Bxc4 d5 14. Ba2 e5 15. O-O
dxe4 16. fxe4 exd4 17. Bxd4 Qh5 18. Ne2 Bh6 19. Nf4 Qg5 20. N2h3 Qh4 21. Qe2 c5
22. Bc3 Bb7 23. Bd5 Nxd5 24. exd5 Rfe8 25. Qd1 Re4 26. g3 Qe7 27. Rc2 Re8 28.
Rcf2 Qd6 29. Qb3 Ba8 30. Rd1 Ne5 31. Ng2 c4 32. Qb4 Qxb4 33. axb4 Nd3 34. Rff1
Bxd5 35. Nhf4 Bc6 36. Nxd3 cxd3 37. Rxd3 Bb5 38. Rd6 Bxf1 39. Kxf1 R4e6 40. Rd5
Rc6 41. b5 axb5 42. Rxb5 Bg7 43. Bxg7 Rc1+ 44. Kf2 Rc2+ 45. Kf3 Kxg7 46. h4 Ree2
47. Nf4 Rxb2 0-1